000 00441nam a22001697a 4500
999 _c3734
_d3734
008 200626b ||||| |||| 00| 0 eng d
020 _cRs.2.00
041 0 _aeng
082 0 0 _a954.03
_bM394
100 _93062
_aMasani, R. P.
245 1 0 _aDadabhai Naoroji /
_cby R. P. Masani
260 _aDelhi :
_bMinistry of Information & Broadcasting,
_c1960.
300 _avi,195p.
365 _bINR 2.00
650 0 _aSocial Reformers
942 _cBK